[Event "Tournoi Skype 032B"]
[Site "Skype"]
[Date "????.??.??"]
[Round "8.55"]
[White "Melo, Marcelo"]
[Black "Trapletti, Cosetta"]
[Result "0-1"]
[WhiteElo "1400"]
[BlackElo "1400"]
[PlyCount "66"]

1. d4 d5 2. Bf4 Bf5 3. e3 Nf6 4. Nf3 e6 5. Nbd2 Bd6 6. Bg3 O-O 7. Bd3 Nbd7 8.
O-O h6 9. Bxd6 cxd6 10. h3 Re8 11. Re1 Rc8 12. e4 Bg6 13. exd5 exd5 14. Bxg6
fxg6 15. c3 Nh5 16. Re4 dxe4 17. Nxe4 Rxe4 18. Qb3+ Kh7 19. Ne5 Nxe5 20. dxe5
Rxe5 21. Qxb7 Rc7 22. Qf3 Qg5 23. g4 Nf4 24. Kf1 Rf5 25. gxf5 gxf5 26. Rd1 d5
27. Qe3 Qh4 28. Ke1 Ng2+ 29. Ke2 Nxe3 30. Kxe3 Qxh3+ 31. Kd2 f4 32. Rg1 Qf3 33.
Kc2 Qxf2+ 0-1